Statistiques concernant Départements français de 1790 sur une carte

Cliquez ici pour prendre le quiz!

Statistiques générales

  • Ce quiz a été pris 184 fois
  • Le résultat moyen est 71 sur 83

Réponses sur la Carte

Les réponses sont colorées sur une échelle allant du rouge au vert en fonction du pourcentage des utilisateurs qui les ont devinées à leur premier essai. Vous pouvez retrouver ces pourcentages ci-dessous.
 

Statistiques - réponses

NuméroPréfectureDépartement% Correct
02LaonAisne
96%
60ParisParis
96%
01BourgAin
94%
28QuimperFinistère
94%
57DouaiNord
94%
67StrasbourgBas-Rhin
93%
66ColmarHaut-Rhin
93%
61ArrasPas-de-Calais
93%
07MézièresArdennes
92%
12AixBouches-du-Rhône
92%
49Châlons-sur-MarneMarne
92%
09TroyesAube
91%
13CaenCalvados
91%
15AngoulêmeCharente
91%
19BastiaCorse
91%
24BesançonDoubs
91%
26ÉvreuxEure
91%
32BordeauxGironde
91%
43OrléansLoiret
91%
52NancyMeurthe
91%
55MetzMoselle
91%
20DijonCôte-d'Or
90%
54VannesMorbihan
90%
58BeauvaisOise
90%
82ÉpinalVosges
90%
03MoulinsAllier
89%
06PrivasArdèche
89%
10CarcassonneAude
89%
27ChartresEure-et-Loir
89%
78ToulonVar
89%
83AuxerreYonne
89%
11RodezAveyron
88%
29NîmesGard
88%
04ChorgesHautes-Alpes
88%
35ChâteaurouxIndre
88%
36ToursIndre-et-Loire
88%
37GrenobleIsère
88%
38Lons-le-SaunierJura
88%
44CahorsLot
88%
53Bar-le-DucMeuse
88%
56NeversNièvre
88%
76AmiensSomme
88%
22GuéretCreuse
87%
39Mont-de-MarsanLandes
87%
48CoutancesManche
87%
62ClermontPuy-de-Dôme
87%
77AlbiTarn
87%
18TulleCorrèze
86%
23PerigueuxDordogne
86%
30ToulouseHaute-Garonne
86%
50ChaumontHaute-Marne
86%
33MontpellierHérault
86%
34RennesIlle-et-Vilaine
86%
45AgenLot-et-Garonne
86%
72MelunSeine-et-Marne
86%
08FoixArriège
85%
25ChabeuilDrôme
85%
41Le PuyHaute-Loire
85%
51LavalMayenne
85%
80PoitiersVienne
85%
75NiortDeux-Sèvres
84%
69GrayHaute-Saône
84%
47AngersMayenne-et-Loire
84%
59AlençonOrne
84%
70MâconSaône-et-Loire
84%
71Le MansSarthe
84%
79Fontenay-le-ComteVendée
84%
14Saint-FlourCantal
83%
17BourgesCher
83%
63TarbesHautes-Pyrénées
83%
81LimogesHaute-Vienne
83%
46MendeLozère
83%
65PerpignanPyrénées-Orientales
83%
31AuchGers
81%
40BloisLoir-et-Cher
80%
42NantesLoire-Inférieure
64%
73VersaillesSeine-et-Oise
63%
21Saint-BrieucCôtes-du-Nord
62%
74RouenSeine-Inférieure
62%
16SaintesCharente-Inférieure
60%
05DigneBasses-Alpes
57%
64NavarrenxBasses-Pyrénées
54%
68LyonRhône-et-Loire
49%

Distribution des résultats

Percentile par nombre de réponses

% des personnes avec chaque résultat

Votre développement - résultats

Vous n’avez pas pris ce quiz